000 01423nam a22003017a 4500
005 20101206113148.0
008 101206t xxu||||| |||| 00| 0 hin d
010 _aHIN-91578
020 _c175.00
_a9788183221788
035 _aHN-63924
037 _bDBAD/VEN
040 _aDPL
_bHN
100 _924598
_aट्रेसी, ब्रायन
245 _aलक्ष्य /
_cब्रायन ट्रेसी ;सुधीर दीक्षित द्वारा अनुदित
246 _alakshay
_bBrian Tracy
260 _aभोपाल
_bमंजुल पब्लिशिंग हाउस
_c2010
270 _a42 मालवीय नगर
_bभोपाल
_e462003
_k91 755 4240340
_l91 755 4055791
_mmanjul@manjulindia.com
300 _a169पृ.
_c22सेमी (अजिल्द)
500 _aहर मनचाही चीज़ कैसे पाएँ और उम्मीद से जल्दी पाएँ
650 _91169
700 _924599
_aदीक्षित, सुधीर
700 _925390
700 _925450
700 _925451
942 _2ddc
_cHN
_m158.1ट्रेसीब्रा
999 _c50016
_d50016